Online
Catalog

Último arte. / (Record no. 52237)

MARC details
000 -CABECERA
campo de control de longitud fija 00959nam a2200265 a 4500
003 - IDENTIFICADOR DEL NÚMERO DE CONTROL
campo de control DO-SdBNP
005 - FECHA Y HORA DE LA ÚLTIMA TRANSACCIÓN
campo de control 20220727105917.0
007 - CAMPO FIJO DE DESCRIPCIÓN FÍSICA--INFORMACIÓN GENERAL
campo de control de longitud fija ta
008 - DATOS DE LONGITUD FIJA--INFORMACIÓN GENERAL
campo de control de longitud fija 220727e1996 dr a|||gr|||| 001 0cspa d
040 ## - FUENTE DE LA CATALOGACIÓN
Centro catalogador/agencia de origen DO-SdBNP
Lengua de catalogación spa
Centro/agencia transcriptor BNPHU
082 #4 - NÚMERO DE LA CLASIFICACIÓN DECIMAL DEWEY
Número de edición 22
Número de documento/Ítem U47a
245 10 - MENCIÓN DE TÍTULO
Título Último arte. /
Mención de responsabilidad, etc. Traductor, Helen Musri Fotografía, Mariano Hernández,
260 ## - PUBLICACIÓN, DISTRIBUCIÓN, ETC.
Lugar de publicación, distribución, etc. Santo Domingo :
Nombre del editor, distribuidor, etc. Phoenix,
Fecha de publicación, distribución, etc. [1996]
300 ## - DESCRIPCIÓN FÍSICA
Extensión 128 p. :
Otras características físicas il. ;
Dimensiones 27 cm.
500 ## - NOTA GENERAL
Nota general Incluye datos biográficos, p. 89- 95
546 ## - NOTA DE LENGUA/LENGUAJE
Nota de lengua/lenguaje Libro en español, traducido al idioma inglés.
585 ## - NOTA DE EXPOSICIONES
Especificación de materiales Con ocasión de la inauguración de su galería, el jueves 26 de septiembre de 1996.
590 ## - NOTA LOCAL (RLIN)
Nota local Inventariado 2022 / MF
650 #4 - PUNTO DE ACCESO ADICIONAL DE MATERIA--TÉRMINO DE MATERIA
9 (RLIN) 81683
Término de materia o nombre geográfico como elemento de entrada Arte dominicano
Subdivisión de forma Exposiciones
Subdivisión general Catálogos
650 #4 - PUNTO DE ACCESO ADICIONAL DE MATERIA--TÉRMINO DE MATERIA
9 (RLIN) 62043
Término de materia o nombre geográfico como elemento de entrada Arte
Subdivisión general Exposiciones
Subdivisión cronológica Siglo XX
Subdivisión geográfica República Dominicana
700 ## - PUNTO DE ACCESO ADICIONAL--NOMBRE DE PERSONA
Nombre de persona Musri, Helen,
Término indicativo de función/relación trad.
9 (RLIN) 82103
700 1# - PUNTO DE ACCESO ADICIONAL--NOMBRE DE PERSONA
9 (RLIN) 59875
Nombre de persona Hernández, Mariano
Término indicativo de función/relación fotogr.
910 ## - DATOS DE OPCIÓN DEL USUARIO (OCLC)
Datos de opción del usuario MFeliz
942 ## - ELEMENTOS DE PUNTO DE ACCESO ADICIONAL (KOHA)
Fuente del sistema de clasificación o colocación Dewey Decimal Classification
Tipo de ítem Koha Libro
Holdings
Estado de retiro Estado de pérdida Fuente del sistema de clasificación o colocación Restricciones de uso No para préstamo Código de colección Localización permanente Ubicación/localización actual Ubicación en estantería Fecha de adquisición Fuente de adquisición Total de préstamos Signatura topográfica completa Código de barras Fecha visto por última vez Precio válido a partir de Tipo de ítem Koha
    Dewey Decimal Classification Excluido de préstamo   Patrimonio Dominicano Biblioteca Nacional Pedro Henríquez Ureña Biblioteca Nacional Pedro Henríquez Ureña En catalogación 27.07.2018 Donado por CERTV   U47a 2022-3569 27.07.2022 27.07.2022 Libro

Powered by Koha